000 00420nam a22001697a 4500
003 MACL
005 20160115161225.0
008 160115b xxu||||| |||| 00| 0 eng d
040 _cMACL
041 _aEnglish
082 _a370/BHA
100 _aBhattacharya Anil
_932674
245 _aIn Search Of An Alternative Education
260 _aKolkata
_bEkush Shatak
_c2008
650 _aEducation
_932675
942 _2ddc
_cBK
999 _c52497
_d52497